000 00397nam a2200181Ia 4500
003 OSt
005 20230222111932.0
008 210210b xxu||||| |||| 00| 0 eng d
040 _cAL
041 _aeng
082 _a382/52 TANH
100 _aTANDON (B N)
_972862
245 _aPractical Auditing
260 _bNot Mentioned
690 _aAuditing
_972863
906 _a053992
942 _2ddc
_cBK
999 _c117614
_d117614